000 00442nam a2200181Ia 4500
001 18681
003 IN-NITTTR
005 20251114233217.0
008 251113s9999||||xx |||||||||||||| ||eng||
040 _beng
040 _cIN-NITTTR
041 _aeng
082 _a621.8 M294M
100 _aMaleev, Vladimir L.
245 0 _aMachine design. /
_cMaleev, Vladimir L., Hartman, James B.
700 _a Hartman, James B.
942 _2ddc
_cBK
999 _c21315
_d21315